Города Башкортостана - Statistics

General Stats
  • This quiz has been taken 149 times
  • The average score is 12 of 21
Answer Stats
Население Город % Correct
1 163 304 Уфа
100%
277 410 Стерлитамак
89%
148 575 Салават
81%
131 942 Нефтекамск
74%
115 557 Октябрьский
61%
64 525 Белорецк
60%
64 041 Ишимбай
58%
68 349 Туймазы
57%
14 219 Агидель
56%
44 295 Бирск
55%
35 481 Благовещенск
55%
59 195 Белебей
54%
56 505 Мелеуз
52%
31 185 Дюртюли
51%
17 833 Баймак
51%
57 949 Кумертау
50%
25 908 Янаул
50%
56 514 Сибай
48%
36 175 Учалы
40%
15 697 Межгорье
40%
21 834 Давлеканово
36%
No matching quizzes found
Score Distribution
Percent of People with Each Score
Percentile by Number Answered
Your Score History
You have not taken this quiz